000 00338 a2200157 4500
001 171481
020 _a
040 _cMagnum
100 _a-
240 1 0 _aChapeuzinho vermelho/melhoramentos
_lpor
245 1 0 _aChapeuzinho vermelho/melhoramentos
362 0 _a1899
440 1 _aMelhoramentos
697 _aI/FABULAS
942 _cBK
999 _c171481
_d171481